00571pam a2200169 a 4500020001500000040000800015082002600023100002500049245001700074250001200091260012400103300003300227520009200260650001100352650001200363700002600375 a0875185606 cDLC00a599 DIL 1993 A057 Or.1 aSamuelson, Mary Lou.14aThe coyote / a1st ed. aNew York :bDillon Press ;aToronto :bMaxwell Macmillan Canada ;aNew York :bMaxwell Macmillan International,cc1993. a60 p. :bcol. ill. ;c23 cm. aDescribes the physical characteristics, habitat, life cycle, and history of the coyote. 0aCoyote 1aCoyote.1 aSchlaepfer, Gloria G.